000 04698cam a22018134i 4500
003 PE-LiUPU
005 20250813165354.0
008 160725s r 000 0 spa d
020 _a9786123042998
020 _a6128042998
035 _a(Sirsi) a162527
040 _aPE-LiUPU
_bspa
_cPE-LiUPU
_erda
082 0 4 _a628.51
_bL66
_220
100 1 _aLi Padilla Giulio Roberto,
_eautor.
245 _aHigiene y saneamiento en la industria alimentaria :
_bbases técnico-normativas /
_cGiulio Roberto Li Padilla.
264 _aPerú :
_b Macro,
_c2015.
300 _a189 páginas :
_bilustraciones ;
_c25 centímetros.
336 _atext
_2rdacontent
337 _aunmediated
_2rdamedia
338 _avolume
_2rdacarrier
505 0 _aLegislación y normativa aplicable -- Enfermedades transmitidas por alimentos (ETA) -- Estructuras bacterianas resistentes: biofilms o biopelículas -- Infraestructura, equipos y servicios -- Prevención de la contaminación cruzada -- Limpieza y desinfección -- Control de plagas -- Mantenimiento preventivo -- Formación del personal -- Vigilancia sanitaria -- Elaboración de un POE/POES -- Validación de medidas de control de onocuidad alimentaria..
526 _aP203
526 _aP200
526 _aSEG65
526 _aSEG64
526 _aSEG63
526 _aSEG62
526 _aSEG61
526 _aSEG60
526 _aSEG59
526 _aSEG58
526 _aSEG57
526 _aSEG56
526 _aSEG55
526 _aSEG54
526 _aSEG53
526 _aSEG52
526 _aSEG51
526 _aSEG50
526 _aSEG49
526 _aSEG48
526 _aSEG47
526 _aSEG46
526 _aSEG24
526 _aSEG23
526 _aSEG22
526 _aSEG21
526 _aSEG20
526 _aSEG19
526 _aSEG18
526 _aSEG17
526 _aSEG16
526 _aSEG14
526 _aSEG13
526 _aSEG12
526 _aSEG11
526 _aSEG10
526 _aSEG09
526 _aSEG06
526 _aSEG05
526 _aSEG04
526 _aSEG03
526 _aSEG02
526 _aSEG68
526 _aSEG66
526 _aSEG45
526 _aSEG25
526 _aSEG01
526 _aP163
526 _aP162
526 _aP161
526 _aP160
526 _aP159
526 _aP158
526 _aP157
526 _aP156
526 _aP155
526 _aP154
526 _aP153
526 _aP152
526 _aP151
526 _aP150
526 _aP149
526 _aP142
526 _aP141
526 _aP140
526 _aP139
526 _aP138
526 _aP137
526 _aP132
526 _aP131
526 _aP130
526 _aP126
526 _aP125
526 _aP124
526 _aP123
526 _aP115
526 _aP122
526 _aP121
526 _aP116
526 _a P114
526 _aP112
526 _aP111
526 _aP104
526 _aP103
526 _aP102
526 _aP101
526 _aP100
526 _aP96
526 _aP95
526 _aP93
526 _aP92
526 _aP91
526 _aP88
526 _aP83
526 _aP82
526 _aP79
526 _aP78
526 _aP75
526 _aP74
526 _aP71
526 _aP69
526 _a P51
526 _aP49
526 _aP48
526 _aP47
526 _aP33
526 _aP31
526 _a P30
526 _aP29
526 _aP27
526 _aP26
526 _aP25
526 _aP24
526 _a P22
526 _aP10
526 _aP09
526 _a P08
526 _aP06
526 _aP05
526 _aP04
526 _aP01
541 _g001-000509;n2;
650 0 4 _aSaneamiento.
650 0 4 _aHigiene.
650 0 4 _aIndustria alimentaria.
910 _ajck
_bebj
_cebj
_d20160725
942 _2ddc
_cBOOK
949 _a628.51 L66
_wDEWEY
_c1
_i74210
_lCATALOGING
_mBUL
_p25.57
_r0
_sY
_tBOOK
_u25/07/16
_xSALUD
_PP31
_o.STAFF. Colección General
_0compra
949 _a628.51 L66
_wDEWEY
_c2
_i74211
_lCATALOGING
_mBUL
_p25.57
_r0
_sY
_tBOOK
_u25/07/16
_xSALUD
_PP31
_o.STAFF. Colección General
_0compra
596 _a1
999 _a628.51 L66
_wDEWEY
_c11493
_i74210
_d11493
_e2019-10-29
_f2021-11-9
_g7
_lCCODEBUL1
_mBUL
_n5
_p25.57
_q1
_r0
_sY
_tBOOK
_u2016-7-25
_xINGENIERIA
_PP31
_0COMPRA
_o.STAFF. Colección General
999 _a628.51 L66
_wDEWEY
_c2
_i74211
_d2019-10-30
_e2019-10-28
_f2021-11-9
_g7
_lCCODEBUL1
_mBUL
_n5
_p25.57
_q5
_r0
_sY
_tBOOK
_u2016-7-25
_xINGENIERIA
_PP31
_0COMPRA
_o.STAFF. Colección General
980 _81
_gALBERTO SANCHEZ Responsable de Automatización